| 000 | 00423nam a2200133 4500 | ||
|---|---|---|---|
| 999 |
_c512618 _d512618 |
||
| 008 | 191204b ||||| |||| 00| 0 eng d | ||
| 100 |
_aBishnoi, Jaidev _914207 |
||
| 245 | _aCitizen in a post-disaster society in Indra Sinha's animal's people | ||
| 260 | _bResearch Journal Social Sciences | ||
| 300 | _a26(3), 2018: p.61-78. | ||
| 773 | _aResearch Journal Social Sciences | ||
| 906 | _aCitizenship | ||
| 942 |
_2ddc _cAR |
||